Estructura y grado de desarrollo en la industria manufacturera en Guatemala

Kaydedildi:
Detaylı Bibliyografya
Yazar: Figueroa Gálvez, Julio Alfonso
Materyal Türü: Metin
Baskı/Yayın Bilgisi: Guatemala: USAC. FCE. Instituto de Investigaciones Económicas y Sociales
Etiketler: Etiketle
Etiket eklenmemiş, İlk siz ekleyin!

MARC

LEADER 00000 a a2200000 04500
001 16161
003
040
090 |a 026200  
100 |a Figueroa Gálvez, Julio Alfonso  
245 |a Estructura y grado de desarrollo en la industria manufacturera en Guatemala  
260 |a Guatemala:   |b USAC. FCE. Instituto de Investigaciones Económicas y Sociales  
300 |a 104 p.  
999 |c 1202  |d 1202